Normal view
MARC view
Entry Corporate Name
001 - CONTROL NUMBER
- control field: 59164
003 - CONTROL NUMBER IDENTIFIER
- control field: dpl
005 - DATE AND TIME OF LATEST TRANSACTION
- control field: 20231129103954.0
008 - FIXED-LENGTH DATA ELEMENTS
- fixed length control field: 231129|| aca||aabn | a|a d
040 ## - CATALOGING SOURCE
- Original cataloging agency: dpl
- Transcribing agency: dpl
110 ## - HEADING--CORPORATE NAME
- Corporate name or jurisdiction name as entry element: गर्ग,लक्ष्मीनारायण
670 ## - SOURCE DATA FOUND
- Source citation: Work cat.: (dpl)199282: दत्ता,सुकन्या 59163, जब चाँद नीला था:विज्ञानपरक काल्पनिक कथाए/ , 2020
